MARC Record
Leader
003
BE-GnUNI
007
't'u
035
a| (MSK)314000508
245
0
0
a| Habitat.
546
a| Braziliaans
500
a| Tijdschriften
852
4
b| MSK
c| MSK
j| II.BRA.3
920
a| tijdschrift
001
000044682
005
20241224121705.0